01016 a2200193 450000500170000002000180001708200240003510000170005924500450007625000120012126000400013330000290017394200130020299900150021595201480023095201480037895201480052695201480067420250621083255.0 a0 00 322298 5 aTEA LM 604.240 GRE  aGREEN, J. N. aTechnical Drawing for G.C.E. & C.S.E a3rd Ed. aChina,bUnwin Hyman Limited,c1988. a264p.: Ill.;graph,c17cm 2ddccBKS c3152d3152 r2025-06-04 15:33:06l0oTEA LM 604.240 GRE p00000011056v399168.00w2025-06-04yBKS102ddc407000aCBEMLbCBEMLcGENd2005-04-22g133056.00 r2025-06-04 15:33:06l0oTEA LM 604.240 GRE p00000011057v399168.00w2025-06-04yBKS102ddc407000aCBEMLbCBEMLcGENd2005-04-22g133056.00 r2025-06-04 15:33:06l0oTEA LM 604.240 GRE p00000011058v399168.00w2025-06-04yBKS102ddc407000aCBEMLbCBEMLcGENd2005-04-22g133056.00 r2025-06-04 15:33:06l0oTEA LM 604.240 GRE p00000011059v399168.00w2025-06-04yBKS102ddc407000aCBEMLbCBEMLcGENd2005-04-22g133056.00